الاستشراق الفرنسى خلال القرن العشرين : دراسة تحليلية نقدية /
Saved in:
| Main Author: | |
|---|---|
| Other Authors: | |
| Format: | Thesis |
| Language: | Arabic |
| Published: |
Qahirah :
Jami'at al-Azhar,
2007?
|
| Subjects: | |
| Tags: |
Add Tag
No Tags, Be the first to tag this record!
|
| LEADER | 012720000a22002650004500 | ||
|---|---|---|---|
| 008 | 130617n ua g 000 0 ara d | ||
| 040 | |a UIAM |b eng | ||
| 041 | |a ara | ||
| 050 | 0 | 0 | |a DS61.9.F8 |
| 100 | 1 | |a عشماوى، محمد عشماوى زيدان | |
| 242 | 1 | 3 | |a al-Istishrak al-Faransi khilal al-qarn al-'ishrin : |b dirasah tahliliyah naqdiyyah |
| 245 | 1 | 2 | |a الاستشراق الفرنسى خلال القرن العشرين : |b دراسة تحليلية نقدية / |c إعداد الباحث، محمد عشماوى زيدان عشماوى |
| 260 | |a Qahirah : |b Jami'at al-Azhar, |c 2007? | ||
| 300 | |a 632 leaves ; |c 30 cm. | ||
| 500 | |a "Risalat al-'alamiyah (al-dukturah)"--On t.p. | ||
| 502 | |a Thesis (Ph.D)--Jami'at al-Azhar. | ||
| 504 | |a Includes bibliographical references (leaves 616-627). | ||
| 596 | |a 1 | ||
| 650 | 0 | |a Orientalism |z France | |
| 655 | |a Theses, Facsimile edition (Islamic) | ||
| 700 | 1 | |a 'Ashmawi, Muhammad 'Ashmawi Zaydan | |
| 710 | 2 | |a Jami'at al-Azhar. |b Kulliyat Usul al-Din. Qism al-Da'wah waThiqafah al-Islamiyah | |
| 900 | |a nan-ls | ||
| 999 | |c 435317 |d 466807 | ||
| 952 | |0 0 |6 TI DS 000061.9 F8 A827I 2007 |7 0 |8 THESES |9 754267 |a IIUM |b IIUM |c MULTIMEDIA |g 485.00 |o ti DS 61.9 F8 A827I 2007 |p 00011276218 |r 2017-10-23 |t 1 |v 485.00 |y THESIS | ||
